000 01024nam a22003257a 4500
003 CHAP
005 20220817042902.0
008 971013s1994 r 00010 d
010 _a58826
011 _a59798
035 _a63958
040 _cCHAP
082 _a333.72
_bG58
100 0 0 _aGiven, David R.
_948220
245 _aPrinciples and practice of plant conservation
260 _aPortland, Oregon :
_bTimber,
_c1994
300 _a292 p.
_b: ilus.
590 _aBATCH-UPD
_b10
_c20130110
_lUCH01
_h0549
590 _aBATCH-UPD
_b10
_c20130410
_lUCH01
_h0231
590 _aBATCH-UPD
_b10
_c20130914
_lUCH01
_h0628
590 _aCONVERSION
_b10
_c20130109
_lUCH01
_h1332
650 1 4 _aÁreas protegidas.
_982451
650 1 4 _aBiodiversidad.
_912724
650 1 4 _aEducación ambiental.
_935556
650 1 4 _aMedio ambiente
_xLeyes.
_974098
650 1 4 _aRecursos naturales
_xConservación.
901 _aBK
942 _cLIBRO
949 _a333.72 G58
_bBC
_cLIBRO
_d33724000083374
_eLIBRO
_gI.180434
_h89956
_i63958
_si
_t311.00
999 _c58826
_d58826